Statistics for Cities that End in E by Clue

Click here to take the quiz!

General Stats

  • This quiz has been taken 513 times
  • The average score is 9 of 20

Answer Stats

HintCity% Correct
The national anthem of France is named after this cityMarseille
77%
Birthplace of the RenaissanceFlorence
75%
Capital of CameroonYaoundé
72%
Is located on the opposite side of KinshasaBrazzaville
71%
One of the tennis majors takes place in this cityMelbourne
60%
Where Franz Kafka wrote most of his workPrague
56%
At the confluence of the Sava and the DanubeBelgrade
54%
80,000 British soldiers are captured when this city falls to the Japanese in WWIISingapore
51%
"Silicon Valley of India"Bangalore
47%
Easternmost major city in BrazilRecife
44%
Formerly called "Salisbury"Harare
43%
Capital of Minas Gerais, BrazilBelo Horizonte
42%
The residence of the nation's president was destroyed in a 2010 massive earthquakePort-au-Prince
42%
Juan Santamaría International Airport serves this Latin American capitalSan José
42%
This city's cathedral was the tallest building in the world from 1880-1884Cologne
34%
Asian national capital whose name means "Monday"Dushanbe
30%
Will host the 2032 Summer OlympicsBrisbane
27%
Where Lollywood is basedLahore
27%
Replaced Zomba as the nation's capital cityLilongwe
20%
Host of the 1962 World's fairSeattle
18%

Score Distribution

Percentile by Number Answered

Percent of People with Each Score

Your Score History

You have not taken this quiz